000 00475nam a22001457a 4500
003 macl
005 20181111124027.0
008 181111b xxu||||| |||| 00| 0 eng d
040 _cmacl
100 _aप्रतियोगिता दर्पण
_973186
245 _aन्‍यू रीजनिंग टेस्‍ट
260 _aAgra
_bप्रतियोगिता दर्पण
_c2018
650 _aरीजनिंग
_931851
942 _2ddc
_cHIN
999 _c58561
_d58561